01755nam a2200385 a 4500001001200000003000800012006001900020007001500039008004100054010001700095020002200112040002100134035002000155050003000175051002400205082001700229110002500246245009300271246002500364260007300389300005500462490008200517500010600599504004900705533015200754610004300906651004400949651006100993655002901054700002301083710001701106810010501123856012601228999001501354ebr10022128CaPaEBRm u cr cn|||||||||010119s2001 dcuab sb f000 0 eng  z 2001016514 z0844410411 (pbk.) aCaPaEBRcCaPaEBR a(OCoLC)7076925414aZ3501b.L53 2001aDT351eb aZ663.252b.L53 200104a026/.9672212 aLibrary of Congress.10aLibrary of Congress Africana collectionsh[electronic resource] :ban illustrated guide.30aAfricana collections aWashington :bLibrary of Congress :bFor sale by U.S. G.P.O.,c2001. a62 p. :bill. (chiefly col.), maps (chiefly col.).1 aLibrary of Congress African and Middle Eastern collections illustrated guides aText by Joanne M. Zellers, African Section, African and Middle Eastern Division, Library of Congress. aIncludes bibliographical references (p. 62). aElectronic reproduction.bPalo Alto, Calif. :cebrary,d2013.nAvailable via World Wide Web.nAccess may be limited to ebrary affiliated libraries.20aLibrary of Congress.bAfrican Section. 0aAfrica, Sub-SaharanxLibrary resources. 0aAfrica, Sub-SaharanxLibrary resourcesvPictorial works. 7aElectronic books.2local1 aZellers, Joanne M.2 aebrary, Inc.2 aLibrary of Congress.tLibrary of Congress African and Middle Eastern collections illustrated guides.40uhttp://site.ebrary.com/lib/rucke/Doc?id=10022128zAn electronic book accessible through the World Wide Web; click to view c9690d9690